Estadísticas para Nombres de los líderes europeos famosos

Haz click aquí para intentar la prueba.

Estadísticas generales

  • Esta prueba ha sido intentada 136 veces
  • La puntuación promedio es 15 de 30

Estadísticas de respuestas

PaísNombre de pilaApellido% Correcto
AlemaniaAngelaMerkel
96%
EspañaFranciscoFranco
94%
FranciaNapoleonBonaparte
92%
RusiaVladimirPutin
91%
ItaliaBenitoMussolini
86%
Reino UnidoMargaretThatcher
81%
Reino UnidoWinstonChurchill
80%
FranciaEmmanuelMacron
72%
AlemaniaOttovon Bismarck
72%
Reino UnidoTonyBlair
64%
FranciaNicolasSarkozy
63%
ItaliaSilvioBerlusconi
58%
Reino UnidoTheresaMay
55%
RusiaBorisYeltsin
53%
URSSMijaílGorbachov
48%
FranciaFrancoisMitterrand
47%
URSSIósifStalin
38%
FranciaJacquesChirac
37%
PoloniaLechWalesa
34%
AlemaniaHelmutKohl
30%
SueciaOlofPalme
29%
LeonidBrézhnev
28%
AlemaniaKonradAdenauer
27%
YugoslaviaJosip BrozTito
23%
AustriaKurtWaldheim
18%
PortugalAntóniode Oliveira Salazar
17%
RumaniaNicolaeCeaușescu
17%
ChecoslovaquiaVáclavHavel
16%
IrlandaMaryRobinson
12%
RusiaDmitriMedvedev
9%

Distribución de puntuación

Porcentaje por número respondido

Porcentaje de gente con cada puntuación

Historial de tus puntuaciones

No has intentado esta prueba.